<?xml version="1.0" encoding="UTF-8"?><?xml-stylesheet type="text/xsl" href="static/style.xsl"?><OAI-PMH xmlns="http://www.openarchives.org/OAI/2.0/" xmlns:xsi="http://www.w3.org/2001/XMLSchema-instance" xsi:schemaLocation="http://www.openarchives.org/OAI/2.0/ http://www.openarchives.org/OAI/2.0/OAI-PMH.xsd"><responseDate>2026-04-14T17:44:53Z</responseDate><request verb="GetRecord" identifier="oai:uvadoc.uva.es:10324/36626" metadataPrefix="marc">https://uvadoc.uva.es/oai/request</request><GetRecord><record><header><identifier>oai:uvadoc.uva.es:10324/36626</identifier><datestamp>2021-06-29T23:46:53Z</datestamp><setSpec>com_10324_38</setSpec><setSpec>col_10324_852</setSpec></header><metadata><record xmlns="http://www.loc.gov/MARC21/slim" xmlns:doc="http://www.lyncode.com/xoai" xmlns:xsi="http://www.w3.org/2001/XMLSchema-instance" xmlns:dcterms="http://purl.org/dc/terms/" xsi:schemaLocation="http://www.loc.gov/MARC21/slim http://www.loc.gov/standards/marcxml/schema/MARC21slim.xsd">
<leader>00925njm 22002777a 4500</leader>
<datafield tag="042" ind1=" " ind2=" ">
<subfield code="a">dc</subfield>
</datafield>
<datafield tag="720" ind1=" " ind2=" ">
<subfield code="a">Pérez Rubio, Carla</subfield>
<subfield code="e">author</subfield>
</datafield>
<datafield tag="260" ind1=" " ind2=" ">
<subfield code="c">2019</subfield>
</datafield>
<datafield tag="520" ind1=" " ind2=" ">
<subfield code="a">En el presente Trabajo de Fin de Grado, hemos diseñado una propuesta didáctica para poder enfrentar uno de los principales retos del aula: los comportamientos disruptivos. Nuestro principal objetivo ha sido tratar de dar a conocer una realidad educativa que como docentes debemos enfrentar ya desde la primera toma de contacto con los alumnos.&#xd;
En primer lugar hemos analizado los diferentes trastornos de conducta y los factores que influyen en el comportamiento del alumno. En función de las diferentes técnicas de modificación de conducta, elaboramos diferentes materiales que nos han ayudado a trabajar ciertas carencias cognitivas y emocionales del alumno, con el propósito de mejorar su comportamiento. A su vez, a través de estas actividades hemos querido reflejar los beneficios de la música como herramienta educativa.&#xd;
Por último, se exponen una serie de conclusiones y deducciones que han sido el resultado de ciertas reflexiones elaboradas a través de este trabajo.</subfield>
</datafield>
<datafield tag="024" ind2=" " ind1="8">
<subfield code="a">http://uvadoc.uva.es/handle/10324/36626</subfield>
</datafield>
<datafield ind1=" " ind2=" " tag="653">
<subfield code="a">Educación social</subfield>
</datafield>
<datafield ind1=" " ind2=" " tag="653">
<subfield code="a">Niños-Conducta</subfield>
</datafield>
<datafield tag="245" ind1="0" ind2="0">
<subfield code="a">Las conductas disruptivas y la música como recurso preventivo dentro del aula. Propuesta de intervención</subfield>
</datafield>
</record></metadata></record></GetRecord></OAI-PMH>